Гравитационно-инерциальное ориентирование: [монография]; в 2 ч.

Bibliographische Detailangaben
Körperschaft: Томский политехнический университет (ТПУ)
Sprache:Russisch
Veröffentlicht: Томск, Изд-во ТПУ, 2004-2006
Format: MixedMaterials Buch
KOHA link:https://koha.lib.tpu.ru/cgi-bin/koha/opac-detail.pl?biblionumber=182843

MARC

LEADER 00000nam1a2200000 4500
001 182843
005 20231031171417.0
035 |a (RuTPU)RU\TPU\book\198205 
090 |a 182843 
100 |a 20100628d2004 m y0rusy50 ca 
101 0 |a rus 
102 |a RU 
200 1 |a Гравитационно-инерциальное ориентирование  |e [монография]  |e в 2 ч.  |f Томский политехнический университет (ТПУ) 
210 |a Томск  |c Изд-во ТПУ  |d 2004-2006 
712 0 2 |a Томский политехнический университет (ТПУ)  |c (1991-2009)  |2 stltpush  |3 (RuTPU)RU\TPU\col\376 
801 1 |a RU  |b 63413507  |c 20100628 
942 |c BK